Find Five I Things Quiz Stats

 Plays Quiz Updated Mar 27, 2018

Also try: Find Five H Things
Challenge
Share
Tweet
Embed
Score 0/50 Timer 05:00
17 Plays Today
% Correct
Isaiah
95.6%
Isaac
95%
Iguana
93.4%
Iraq
92.2%
Iran
92%
Ishmael
91.3%
Iceland
91.2%
Ireland
91.1%
India
89.5%
Iron Maiden
85.6%
Ichthyosaur
85.4%
Impala
84.8%
Imagine Dragons
83.1%
Ibex
82.8%
Ibis
82.4%
INXS
79.7%
Iron Butterfly
79.3%
Iguanodon
79.1%
Iroquois
78.4%
Isisaurus
78.3%
Inuit
78%
Incendio
72%
Impedimenta
71.2%
Impervius
70.8%
Irvine
69.8%
% Correct
Imperio
68.3%
Ithaca
67.2%
Indianapolis
65.2%
Irondale
61.2%
Iris
60%
Indosuchus
59.4%
Ichabod
58.9%
Isocyanate
58.3%
Isonitrile
57.5%
Incarcerous
55.1%
Iodoalkane
54.8%
Incubus
54.3%
Iapetus
50%
Illini
48.5%
Imide
48%
Imine
47.2%
Innu
46.5%
Ichnaea
43.8%
Iaso
41.7%
Ioke
38.2%
Indri
37.8%
Ioway
37.6%
Issaquah
36%
Iddo
19.3%
Ingenia
8.3%

You're not logged in!

Compare scores with friends on all Sporcle quizzes.
OR
Log In

You Might Also Like...

Show Comments

Extras

Top Quizzes Today


Score Distribution

Your Account Isn't Verified!

In order to create a playlist on Sporcle, you need to verify the email address you used during registration. Go to your Sporcle Settings to finish the process.

Report this User

Report this user for behavior that violates our Community Guidelines.

Details: